000
00274nam a22001337a 4500
008
260311b ||||| |||| 00| 0 eng d
020
_a
9951050271
041
_a
eng
080
_a
2.1
100
_a
20.1
101
_a
Ngjarje
245
_a
Petrit Kotrri
942
_2
udc
_c
BK
999
_c
60882
_d
60882